000 00464nam a2200181Ia 4500
001 17339
005 20260306171510.0
008 260306s9999||||xx |||||||||||||| ||und||
041 _aESP
082 _a657.7
_bV66
100 _aVillacorta Cavero, Armando,
_eAUT
245 0 _aContabilidad para gerentes, administradores y emprendedores
260 _c2023
300 _a447 páginas :
_c24 cm.
650 _aGEN
654 _aCCO
942 _cLIB
_dJUS
_fJUS
_2ddc
_n
999 _c17339
_d17339